00469nam a2200145Ia 4500008004000000082001800040100002500058245001700083260004300100300000700143690001900150906001100169999001700180952012600197210210b1969 xxu||||| |||| 00| 0 eng d a306.0954 RAJO aRAJAGOPALACHARI (C). aOur culture. aBombay.bBharatiya Vidhya Bhavanc1969 a33 aIndian Society a028780 c80016d80016 001040708SociologyaALbALcSociologyd2021-02-17g1.00l0o306.0954 RAJOp028780r2021-02-17 00:00:00w2021-02-17yBK